L'idiot et le chasseur de solitudes (notice n° 1597399)
[ vue normale ]
| 000 -LEADER | |
|---|---|
| fixed length control field | 01264cam a2200253 4500500 |
| 005 - DATE AND TIME OF LATEST TRANSACTION | |
| control field | 20251228074252.0 |
| 041 ## - LANGUAGE CODE | |
| Language code of text/sound track or separate title | fre |
| 042 ## - AUTHENTICATION CODE | |
| Authentication code | dc |
| 100 10 - MAIN ENTRY--PERSONAL NAME | |
| Personal name | Vulbeau, Alain |
| Relator term | author |
| 245 00 - TITLE STATEMENT | |
| Title | L'idiot et le chasseur de solitudes |
| 260 ## - PUBLICATION, DISTRIBUTION, ETC. | |
| Date of publication, distribution, etc. | 2010.<br/> |
| 500 ## - GENERAL NOTE | |
| General note | 95 |
| 520 ## - SUMMARY, ETC. | |
| Summary, etc. | Au XIXe siècle de nombreuses catégorisations ont été utilisées : arriéré, idiot… il semble s’agir de différentes manières de qualifier la singularité et particulièrement celle de « l’extra social ». |
| 520 ## - SUMMARY, ETC. | |
| Summary, etc. | In the nineteenth century many categories have been used: retarded, idiot… it seems this is about different ways of qualifying singularity and especially that of the “extra social”. |
| 520 ## - SUMMARY, ETC. | |
| Summary, etc. | En el siglo XIX numerosas categorizaciones fueron utilizadas: retrasado, idiota…pareciese que se tratara de diferentes maneras de calificar la singularidad y particularmente la del “extra-social”. |
| 690 ## - LOCAL SUBJECT ADDED ENTRY--TOPICAL TERM (OCLC, RLIN) | |
| Topical term or geographic name as entry element | Arriéré |
| 690 ## - LOCAL SUBJECT ADDED ENTRY--TOPICAL TERM (OCLC, RLIN) | |
| Topical term or geographic name as entry element | enfant bourdon |
| 690 ## - LOCAL SUBJECT ADDED ENTRY--TOPICAL TERM (OCLC, RLIN) | |
| Topical term or geographic name as entry element | idiot |
| 690 ## - LOCAL SUBJECT ADDED ENTRY--TOPICAL TERM (OCLC, RLIN) | |
| Topical term or geographic name as entry element | Mots clés |
| 690 ## - LOCAL SUBJECT ADDED ENTRY--TOPICAL TERM (OCLC, RLIN) | |
| Topical term or geographic name as entry element | psychiatrie |
| 690 ## - LOCAL SUBJECT ADDED ENTRY--TOPICAL TERM (OCLC, RLIN) | |
| Topical term or geographic name as entry element | singularité |
| 786 0# - DATA SOURCE ENTRY | |
| Note | Spécificités | 2 | 1 | 2010-01-01 | p. 43-56 | 2256-7186 |
| 856 41 - ELECTRONIC LOCATION AND ACCESS | |
| Uniform Resource Identifier | <a href="https://shs.cairn.info/revue-specificites-2009-1-page-43?lang=fr&redirect-ssocas=7080">https://shs.cairn.info/revue-specificites-2009-1-page-43?lang=fr&redirect-ssocas=7080</a> |
Pas d'exemplaire disponible.




Réseaux sociaux